00601 2200229 4500001002100000005001700021020001800038035002500056040001200081082001000093084001900103100002000122245007800142250001200220260003300232300003100265650001200296850001200308990001700320990001700337990001700354YOGYA00000000010317620150715095828.0 a979-269-749-7 a0010-081400000099835 aYOPDYOG a028.5 aPK 028.5 Nas P aNasin, Muhammad aPesan dari Dukuh Parukc/ Muhammad Nasin ; editor, Muhammad Naufal Zharif aCet.1.- aJakartabAndhika Karyac2010 a142 hlm.b: ilus.c; 24 cm aFolklor aYOPDYOG a6099-PK/B.10 a6101-PK/B.10 a6103-PK/B.10